| 000 | 00406nam a22001457a 4500 | ||
|---|---|---|---|
| 020 | _a8185617716 | ||
| 040 | _cNust | ||
| 082 |
_a530 _bPHY |
||
| 100 |
_aC. Isenberg _9103658 |
||
| 245 | _aPhysics Experiments and Projects for students | ||
| 250 | _aVolume III | ||
| 260 |
_aNew Delhi: _bViva Books Pvt Ltd, _c1998. |
||
| 650 |
_aPhysics Experiments and Projects for students _9125881 |
||
| 942 |
_2ddc _cBK |
||
| 999 |
_c611529 _d611529 |
||